<?xml version="1.0" encoding="UTF-8"?>
<record
    xmlns:xsi="http://www.w3.org/2001/XMLSchema-instance"
    xsi:schemaLocation="http://www.loc.gov/MARC21/slim http://www.loc.gov/standards/marcxml/schema/MARC21slim.xsd"
    xmlns="http://www.loc.gov/MARC21/slim">

  <leader>01188nam a22002777a 4500</leader>
  <controlfield tag="003">OSt</controlfield>
  <controlfield tag="005">20210916130353.0</controlfield>
  <controlfield tag="008">210916b2010    ck ac||gr|||| 00| 0 spa d</controlfield>
  <datafield tag="020" ind1=" " ind2=" ">
    <subfield code="a">9789588471433</subfield>
  </datafield>
  <datafield tag="040" ind1=" " ind2=" ">
    <subfield code="a">CO-JMCR</subfield>
    <subfield code="c">CO-JMCR</subfield>
  </datafield>
  <datafield tag="041" ind1="0" ind2=" ">
    <subfield code="a">spa</subfield>
  </datafield>
  <datafield tag="082" ind1="0" ind2="4">
    <subfield code="a">986.104 / </subfield>
    <subfield code="b">G241g1</subfield>
    <subfield code="2">23</subfield>
  </datafield>
  <datafield tag="100" ind1="1" ind2=" ">
    <subfield code="a">Garrido, Margarita, </subfield>
    <subfield code="e">editora</subfield>
    <subfield code="9">859</subfield>
  </datafield>
  <datafield tag="245" ind1="1" ind2="0">
    <subfield code="a">Glosario para la independencia : </subfield>
    <subfield code="b">palabras que nos cambiaron / </subfield>
    <subfield code="c">edici&#xF3;n Margarita Garrido, Juan Ignacio Arboleda ; introducci&#xF3;n Julio Paredes</subfield>
  </datafield>
  <datafield tag="250" ind1=" " ind2=" ">
    <subfield code="a">Primera edici&#xF3;n</subfield>
  </datafield>
  <datafield tag="260" ind1=" " ind2=" ">
    <subfield code="a">Bogot&#xE1; : </subfield>
    <subfield code="b">Alcald&#xED;a Mayor de Bogot&#xE1; ; Secretar&#xED;a Distrital de Cultura, Recreaci&#xF3;n y Deporte, </subfield>
    <subfield code="c">2010</subfield>
  </datafield>
  <datafield tag="300" ind1=" " ind2=" ">
    <subfield code="a">149 p&#xE1;ginas : </subfield>
    <subfield code="b">ilustraciones y retratos a blanco y negro ; </subfield>
    <subfield code="c">17 cm.</subfield>
  </datafield>
  <datafield tag="490" ind1="0" ind2=" ">
    <subfield code="a">Libro al viento ; </subfield>
    <subfield code="v">73</subfield>
  </datafield>
  <datafield tag="505" ind1="0" ind2=" ">
    <subfield code="a">Soberan&#xED;a popular -- Libertad -- Igualdad -- Derechos -- Independencia -- Constituci&#xF3;n -- Ciudadan&#xED;a</subfield>
  </datafield>
  <datafield tag="650" ind1="1" ind2="4">
    <subfield code="a">Palabra (ling&#xFC;istica)</subfield>
    <subfield code="9">40552</subfield>
  </datafield>
  <datafield tag="650" ind1="2" ind2="4">
    <subfield code="a">Palabras y frases</subfield>
    <subfield code="x">Historia</subfield>
    <subfield code="z">Colombia</subfield>
    <subfield code="9">40553</subfield>
  </datafield>
  <datafield tag="651" ind1=" " ind2="4">
    <subfield code="a">Colombia </subfield>
    <subfield code="x">Historia</subfield>
    <subfield code="y">1819-1831</subfield>
    <subfield code="9">40554</subfield>
  </datafield>
  <datafield tag="700" ind1="1" ind2=" ">
    <subfield code="a">Arboleda, Juan Ignacio, </subfield>
    <subfield code="e">editor</subfield>
    <subfield code="9">863</subfield>
  </datafield>
  <datafield tag="700" ind1="1" ind2=" ">
    <subfield code="a">Paredes, Julio, </subfield>
    <subfield code="e">autor de introducci&#xF3;n</subfield>
    <subfield code="9">864</subfield>
  </datafield>
  <datafield tag="942" ind1=" " ind2=" ">
    <subfield code="2">ddc</subfield>
    <subfield code="c">BK</subfield>
  </datafield>
  <datafield tag="999" ind1=" " ind2=" ">
    <subfield code="c">15614</subfield>
    <subfield code="d">15614</subfield>
  </datafield>
  <datafield tag="952" ind1=" " ind2=" ">
    <subfield code="0">0</subfield>
    <subfield code="1">0</subfield>
    <subfield code="2">ddc</subfield>
    <subfield code="4">0</subfield>
    <subfield code="7">0</subfield>
    <subfield code="8">NFIC</subfield>
    <subfield code="a">CPL</subfield>
    <subfield code="b">CPL</subfield>
    <subfield code="d">2021-08-04</subfield>
    <subfield code="e">Donaci&#xF3;n</subfield>
    <subfield code="l">1</subfield>
    <subfield code="o">986.104 /  G241g1</subfield>
    <subfield code="p">201811198</subfield>
    <subfield code="r">2024-02-26 00:00:00</subfield>
    <subfield code="s">2024-02-26</subfield>
    <subfield code="t">Ej.1</subfield>
    <subfield code="w">2021-09-16</subfield>
    <subfield code="y">BK</subfield>
  </datafield>
  <datafield tag="952" ind1=" " ind2=" ">
    <subfield code="0">0</subfield>
    <subfield code="1">0</subfield>
    <subfield code="2">ddc</subfield>
    <subfield code="4">0</subfield>
    <subfield code="7">0</subfield>
    <subfield code="8">NFIC</subfield>
    <subfield code="a">CPL</subfield>
    <subfield code="b">CPL</subfield>
    <subfield code="d">2021-08-04</subfield>
    <subfield code="e">Donaci&#xF3;n</subfield>
    <subfield code="l">1</subfield>
    <subfield code="o">986.104 /  G241g1</subfield>
    <subfield code="p">201811199</subfield>
    <subfield code="r">2024-02-26 00:00:00</subfield>
    <subfield code="s">2024-02-26</subfield>
    <subfield code="t">Ej.2</subfield>
    <subfield code="w">2021-09-16</subfield>
    <subfield code="y">BK</subfield>
  </datafield>
</record>
